000 01980cam a2200349 a 4500
001 15159488
005 20080731101458.0
008 080129s2008 enka | b 001 0 eng
010 _a 2008004317
020 _a9780470031469
035 _a(OCoLC)ocn191758457
035 _a(OCoLC)191758457
_z(OCoLC)185081985
040 _aDLC
_cDLC
_dBAKER
_dYDXCP
_dBTCTA
_dBWKUK
_dBWK
_dBWX
_dDLC
050 0 0 _aQA76.758
_b.V54 2008
082 0 0 _a005.1
_222
_bVLI
100 1 _aVliet, Hans van.
_98960
245 1 0 _aSoftware Engineering :
_bPrinciples and Practice /
_cHans van Vliet.
250 _a3rd ed.
260 _aChichester, England :
_bJohn Wiley & Sons,
_cc2008.
300 _axxvi, 713 p. :
_bill. ;
_c24 cm.
504 _aIncludes bibliographical references and index.
650 0 _aSoftware engineering.
_98961
856 4 2 _3Publisher description
_uhttp://www.loc.gov/catdir/enhancements/fy0827/2008004317-d.html
856 4 1 _3Table of contents only
_uhttp://www.loc.gov/catdir/enhancements/fy0827/2008004317-t.html
856 4 2 _3Contributor biographical information
_uhttp://www.loc.gov/catdir/enhancements/fy0835/2008004317-b.html
942 _2ddc
_cBB
999 _c12813
_d12813